Canadian Cities with over 100,000 People - Statistics

General Stats
  • This quiz has been taken 108 times
  • The average score is 37 of 56
Answer Stats
Population Province Answer % Correct
1,762,949 Quebec Montreal
100%
2,794,356 Ontario Toronto
100%
1,306,784 Alberta Calgary
98%
1,010,899 Alberta Edmonton
98%
1,017,449 Ontario Ottawa
98%
662,248 British Columbia Vancouver
98%
749,607 Manitoba Winnipeg
97%
439,819 Nova Scotia Halifax
93%
549,459 Quebec Quebec City
93%
717,961 Ontario Mississauga
90%
266,141 Saskatchewan Saskatoon
90%
569,353 Ontario Hamilton
86%
226,404 Saskatchewan Regina
86%
422,324 Ontario London
85%
110,525 Newfoundland St. John's
81%
108,843 Ontario Thunder Bay
81%
656,480 Ontario Brampton
78%
438,366 Quebec Laval
78%
568,322 British Columbia Surrey
78%
256,885 Ontario Kitchener
76%
229,660 Ontario Windsor
76%
209,937 British Columbia Richmond
75%
132,485 Ontario Kingston
73%
139,163 Quebec Trois-Rivieres
73%
147,829 Ontario Barrie
68%
323,103 Ontario Vaughan
68%
291,041 Quebec Gatineau
66%
144,576 British Columbia Kelowna
66%
166,004 Ontario Greater Sudbury
64%
172,950 Quebec Sherbrooke
64%
249,125 British Columbia Burnaby
63%
143,740 Ontario Guelph
63%
338,503 Ontario Markham
63%
100,844 Alberta Red Deer
61%
175,383 Ontario Oshawa
59%
186,948 Ontario Burlington
58%
153,524 British Columbia Abbotsford
56%
202,022 Ontario Richmond Hill
56%
213,759 Ontario Oakville
54%
121,436 Ontario Waterloo
54%
104,688 Ontario Brantford
53%
126,666 Ontario Ajax
49%
138,479 Ontario Cambridge
47%
148,625 British Columbia Coquitlam
47%
254,483 Quebec Longueuil
47%
136,803 Ontario St. Catharines
47%
144,723 Quebec Saguenay
46%
149,683 Quebec Levis
42%
132,979 Ontario Milton
39%
138,501 Ontario Whitby
39%
103,988 Ontario Chatham-Kent
37%
132,603 British Columbia Langley
37%
108,455 British Columbia Delta
34%
117,735 British Columbia Saanich
29%
119,944 Quebec Terrebonne
29%
101,427 Ontario Clarington
14%
No matching quizzes found
Score Distribution
Percent of People with Each Score
Percentile by Number Answered
Your Score History
You have not taken this quiz